[Event "NOR-chT Eliteserien 2018-19"]
[Site "Norway"]
[Date "2019.03.10"]
[Round "9.7"]
[White "Salomon, Johan"]
[Black "Urkedal, Frode Olav Olsen"]
[Result "1-0"]
[WhiteElo "2494"]
[BlackElo "2512"]
[Annotator "TA"]
[PlyCount "81"]
[EventDate "2018.11.02"]
[EventType "team-tourn"]
[EventCountry "NOR"]
[SourceTitle "playchess.com"]
[Source "ChessBase"]
[SourceQuality "1"]

{[%evp 19,81,14,31,11,39,41,65,61,64,49,68,62,47,52,61,64,94,47,83,68,80,83,83,78,77,38,41,44,124,125,176,180,184,158,214,214,231,221,241,231,228,222,225,225,227,212,209,162,188,197,184,185,184,176,212,208,486,470,628,596,610,602,590,583]} 1. d4 Nf6 2. c4 e6 3. Nf3 b6 4. g3 Ba6 5. Nbd2 Bb4 6. Qc2 Bb7 7. Bg2 Be4 8. Qd1 O-O 9. O-O Bxd2 10. Qxd2 d6 11. Rd1 $146 {E15: Queen's Indian: 4 g3 sidelines, 4 g3 Ba6 and 4 g3 Bb7 early deviations} ({Predecessor:} 11. b3 Nbd7 12. Bb2 Qe7 13. Rfd1 a5 14. Bf1 a4 15. Nh4 axb3 16. axb3 Rxa1 17. Rxa1 Ra8 18. f3 Rxa1 19. Bxa1 {½-½ (84) Vallejo Pons,F (2696)-Akopian,V (2698) Novi Sad 2009}) 11... Nbd7 {[%cal Bb8d7,Bd7b6,Bb6a4][%mdl 32]} 12. Bh3 a6 13. Nh4 {White is slightly better.} Bb7 14. f3 b5 15. b3 bxc4 16. bxc4 Nb6 17. Qc3 h6 18. Ng2 Nh7 19. Nf4 Qe8 20. c5 Na4 21. Qc2 dxc5 22. dxc5 Bc6 23. Nd3 e5 ({Black should try} 23... Bb5 $14) 24. Nb4 $16 Bb5 (24... Rb8 $16 {was called for.} 25. Nxa6 Rd8) 25. Nd5 $36 {[%mdl 2048] Keeping Black busy.} Rd8 26. Bf5 g6 (26... Ng5 $16 {was worth a try.}) 27. Bxh6 ({Don't do} 27. Nxc7 $6 Rxd1+ 28. Qxd1 Qc6 $16) 27... Rxd5 28. Rxd5 gxf5 29. Qxf5 {[#] White threatens Qg4+ and mate.} Qe6 30. Qxe6 fxe6 31. Rxe5 Rf6 32. Bd2 Nf8 33. Bb4 Nd7 34. Rg5+ Kf7 35. Rd1 e5 36. Rd2 Ke6 37. Rg7 e4 $2 {[#]} (37... Rf7 {was necessary.} 38. Rxf7 Kxf7) 38. c6 {White is clearly winning.} Ne5 39. Re7+ Kf5 40. Rd5 Re6 41. f4 {Accuracy: White = 86%, Black = 50%.} 1-0

[Event "NOR-chT Eliteserien 2018-19"]
[Site "Norway"]
[Date "2019.03.10"]
[Round "9.8"]
[White "Hansen, Torbjorn Ringdal"]
[Black "Djurhuus, Rune"]
[Result "1/2-1/2"]
[WhiteElo "2419"]
[BlackElo "2457"]
[Annotator "TA"]
[PlyCount "86"]
[EventDate "2018.11.02"]
[EventType "team-tourn"]
[EventCountry "NOR"]
[SourceTitle "playchess.com"]
[Source "ChessBase"]
[SourceQuality "1"]

{[%evp 9,86,22,23,21,35,16,31,0,27,25,7,14,22,-9,-8,-5,-14,-14,0,0,-14,-5,-11,-13,-12,-35,-25,-48,-35,-74,-39,-75,-51,-75,-70,-72,-52,-85,-93,-123,-122,-167,-46,-71,0,25,212,220,195,214,210,198,322,358,433,403,379,397,409,312,327,317,440,423,507,327,310,0,0,0,0,0,0,0,0,0,0,0,0]} 1. e4 c5 2. Nf3 d6 3. Bb5+ Nd7 4. Ba4 Ngf6 5. O-O a6 {Hoping for ...b5.} 6. c4 {B51: Sicilian: Moscow Variation (3 Bb5+) without 3...Bd7} e6 (6... g6 7. Nc3 Bg7 8. d3 O-O 9. h3 b6 10. Bg5 h6 11. Be3 Bb7 {1-0 (51) Navara,D (2738)-Grandelius,N (2682) Caleta 2019}) 7. Nc3 Be7 8. Qe2 {White is slightly better.} O-O 9. d4 cxd4 10. Nxd4 Qc7 11. f4 $146 ({Predecessor:} 11. Kh1 Nb6 12. Bb3 {½-½ (30) Barle,J (2360)-Tratar,M (2455) Bled 2003}) 11... Nb6 12. Bb3 e5 13. fxe5 dxe5 14. Nf5 Bxf5 15. Rxf5 Rac8 {[%cal Rb6c4]} 16. Bg5 Ne8 17. Bxe7 Qxe7 18. Nd5 Nxd5 19. exd5 Qc5+ 20. Kh1 f6 21. Rh5 g6 22. Rh3 Nd6 {[%cal Rd6c4]} 23. Rd1 e4 24. Qg4 Rce8 25. Ba4 Re7 (25... Re5 $19 {Threatens to win with ...e3.} 26. Bb3 e3) 26. Bd7 $1 $15 f5 (26... Qxc4 $17 27. Be6+ Kg7) 27. Be6+ $11 Rxe6 $2 (27... Kh8 $1 $11 {and Black stays safe.} 28. Qxg6 Rg7) 28. Qh4 $40 {[%csl Gh3][%cal Rh4h7][%mdl 128] White has strong attack.} Re7 29. Qxe7 {[%csl Gh3][%cal Re7h7]} Rf7 30. Qe6 $1 (30. Qd8+ $6 Kg7) 30... f4 (30... a5 {was necessary.} 31. Rc3 Kg7 32. Qe5+ Kg8) 31. b3 Kf8 32. Qe5 Kg8 33. Rf1 Qb4 34. Rc3 Rf5 35. Qe6+ Kg7 36. Rcc1 e3 37. Qe7+ Kg8 38. c5 $2 (38. Rcd1 $18) 38... Ne4 $1 $11 {And now ...e2 would win.The position is equal.} 39. d6 {d7 is the strong threat.} e2 40. Qe8+ Kg7 (40... Rf8 $5 41. Qe6+ $8 Kg7 42. Qe5+ Kh6 $11) 41. Qe7+ (41. Rfe1 {gets mated.} Ng3+ $1 {[%mdl 512]} 42. hxg3 Rh5+ 43. Kg1 Qd4+ 44. Qe3 Qxe3#) 41... Kg8 42. Qe8+ Kg7 (42... Rf8 $5 43. Qe6+ $8 Kg7 44. Qe5+ Kh6 $11) 43. Qe7+ (43. Rfe1 {[#] leads to mate.} Ng3+ $1 {[%mdl 512]} 44. hxg3 Rh5+ 45. Kg1 Qd4+ 46. Qe3 Qxe3#) 43... Kg8 {Accuracy: White = 53%, Black = 61%.} 1/2-1/2

[Event "NOR-chT Eliteserien 2018-19"]
[Site "Norway"]
[Date "2019.03.10"]
[Round "9.9"]
[White "Haug, Johannes"]
[Black "Bae, Torstein"]
[Result "1/2-1/2"]
[WhiteElo "2402"]
[BlackElo "2407"]
[Annotator "TA"]
[PlyCount "38"]
[EventDate "2018.11.02"]
[EventType "team-tourn"]
[EventCountry "NOR"]
[SourceTitle "playchess.com"]
[Source "ChessBase"]
[SourceQuality "1"]

{[%evp 15,38,48,57,0,0,0,0,0,0,0,0,0,0,0,0,0,0,0,0,-1,8,7,9,6,8]} 1. d4 Nf6 2. c4 Nc6 3. Nf3 e6 4. Nc3 Bb4 5. Qc2 d5 6. a3 Bxc3+ 7. Qxc3 Ne4 8. Qc2 e5 9. cxd5 {E37: Nimzo-Indian: Classical: 4...d5 5 a3 Bxc3+ 6 Qxc3 Ne4} (9. e3 $14 Bf5 10. Qb3) 9... Qxd5 $11 {The position is equal.} 10. e3 {[#] Black must now prevent Bc4.} Bf5 {aiming for ...Ng3!} ({Much weaker is} 10... exd4 11. Bc4 $16) 11. Bc4 Qa5+ 12. Bd2 Nxd2 13. Qxd2 Qxd2+ 14. Kxd2 exd4 15. Nxd4 Nxd4 16. exd4 O-O-O 17. Kc3 Rd7 18. Rhe1 Rhd8 19. Rad1 $146 ({Predecessor:} 19. Re5 Bg6 20. Rd1 c6 {½-½ (20) Gibson,T-Hase,J (2323) Villa Ballester 2006}) 19... c6 1/2-1/2

[Event "NOR-chT Eliteserien 2018-19"]
[Site "Norway"]
[Date "2019.03.10"]
[Round "9.10"]
[White "Ranaldi, Lucas"]
[Black "Tryggestad, Andreas Garberg"]
[Result "1-0"]
[WhiteElo "2230"]
[BlackElo "2333"]
[Annotator "TA"]
[PlyCount "73"]
[EventDate "2018.11.02"]
[EventType "team-tourn"]
[EventCountry "NOR"]
[SourceTitle "playchess.com"]
[Source "ChessBase"]
[SourceQuality "1"]

{[%evp 14,73,42,39,24,18,29,20,89,81,97,92,130,113,129,135,122,0,0,0,0,0,0,0,210,226,204,208,210,208,202,208,213,179,911,911,904,886,839,633,1199,285,245,0,1151,562,29987,29987,29988,29989,29994,29987,29987,29988,29988,29989,29992,29993,29993,29993,29997,29998]} 1. c4 Nf6 2. Nc3 d5 3. cxd5 Nxd5 4. g3 g6 5. Bg2 Nb6 6. d3 Bg7 7. Be3 Nc6 {[%cal Bb8c6,Bc6d4,Bd4f5][%mdl 32]} 8. Nf3 O-O {A16: English Opening: 1...Nf6 with ...d5} 9. Qd2 Re8 (9... Bg4 10. h3 Bxf3 11. Bxf3 Qd7 12. Rc1 Rad8 13. Bg2 Qc8 14. Nb5 Qe6 15. Nxc7 Qxa2 16. O-O {1-0 (68) Malakhov,V (2722)-Bartel,M (2609) Warsaw 2010}) 10. Bh6 Bh8 (10... f6 $11) 11. h4 $16 Nd4 12. h5 Nf5 13. hxg6 hxg6 14. O-O-O Nd5 15. e4 $146 ({Better is} 15. Bf4 $16 {And now Ne5 would win.} Nxf4 16. Qxf4 (16. gxf4 Bg7 $14)) ({Predecessor:} 15. Ne4 Nf6 16. Bf4 Bg7 17. Nxf6+ Bxf6 {½-½ (78) Talla,V (2360)-Dvorak,T (2311) Frydek Mistek 2003}) 15... Nxc3 $11 16. bxc3 Nxh6 17. Rxh6 Bg7 18. Rdh1 {Hoping for e5.} Qd6 $2 {[#]} (18... e5 $1 $11 {and Black stays safe.}) 19. e5 $1 $18 {[%mdl 512] Rh8+! would kill now.} Qa3+ (19... Bxe5 20. Nxe5) 20. Kb1 Be6 21. Rh7 {Threatening mate with Rxg7+!} Bxa2+ 22. Qxa2 Qxc3 23. Qc2 Bxe5 $2 (23... Qb4+ 24. Kc1 Rad8) 24. Nxe5 Qxe5 25. Qc4 {[%csl Gh7][%cal Rc4f7]} e6 26. Qh4 {White threatens Qh6 and mate.} Kf8 27. Rh8+ $2 (27. f4 Qb5+ 28. Kc1) 27... Kg7 28. Rh7+ $2 $40 {[%mdl 128] White attacks.} (28. Rh6) 28... Kf8 $1 29. Be4 (29. f4 $142 Qb5+ 30. Kc1 Qc5+ 31. Kd1) 29... Qb5+ 30. Kc2 {White mates.} Qc5+ 31. Kd1 Qxf2 32. Bxg6 Qf3+ 33. Ke1 Qe3+ {[#]} 34. Kf1 $1 Qc1+ 35. Kg2 Qb2+ 36. Kh3 fxg6 37. Qh6+ {Accuracy: White = 69%, Black = 51%.} 1-0

[Event "NOR-chT Eliteserien 2018-19"]
[Site "Norway"]
[Date "2019.03.10"]
[Round "9.11"]
[White "Nordquelle, Daniel"]
[Black "Gandrud, Vegar Koi"]
[Result "1/2-1/2"]
[WhiteElo "2235"]
[BlackElo "2321"]
[Annotator "TA"]
[PlyCount "95"]
[EventDate "2018.11.02"]
[EventType "team-tourn"]
[EventCountry "NOR"]
[SourceTitle "playchess.com"]
[Source "ChessBase"]
[SourceQuality "1"]

{[%evp 12,95,39,8,22,18,19,7,37,21,58,18,39,32,43,0,43,43,49,43,43,43,43,43,45,47,58,43,45,43,43,43,43,43,43,43,43,43,43,43,43,43,43,43,65,51,55,0,64,0,54,54,55,55,66,47,47,43,43,43,43,8,39,39,43,35,41,0,0,0,0,0,0,0,0,0,0,0,0,0,0,0,0,0,0,0]} 1. e4 c5 2. Nf3 d6 3. d4 cxd4 4. Nxd4 Nf6 5. Nc3 a6 6. h3 e5 7. Nb3 Be6 {B90: Sicilian Najdorf: Unusual White 6th moves, 6 Be3 Ng4 and 6 Be3 e5} 8. f4 Nc6 (8... exf4 9. Bxf4 Nc6 10. Qe2 Be7 11. O-O-O Qc7 12. g4 O-O 13. g5 Nd7 14. Qe3 Rac8 15. Kb1 {1-0 (60) Van Foreest,J (2612)-Nepomniachtchi,I (2763) Wijk aan Zee 2019}) 9. f5 Bxb3 $1 ({Much weaker is} 9... Nxe4 $6 10. Nxe4 Bxf5 11. Nf2 $16 (11. Bg5 f6 $14)) 10. axb3 Nb4 11. Bg5 Rc8 12. Qd2 $146 ({Predecessor:} 12. Bc4 Be7 13. Bxf6 Bxf6 14. O-O b5 15. Bd3 {½-½ (65) Kavon,R (2183)-Rohacek,M (2294) Slovakia 2015}) 12... d5 13. exd5 Nbxd5 (13... Bc5 {feels hotter.} 14. Bc4 O-O 15. Qe2 b5 16. Ne4 bxc4 17. bxc4 Nxc2+ 18. Qxc2 Bb4+) 14. Nxd5 Qxd5 15. Bxf6 Qxd2+ 16. Kxd2 gxf6 17. Bd3 Bh6+ 18. Ke2 Ke7 19. Rhd1 Rhd8 20. c3 Rc7 21. Be4 Rcd7 22. Rxd7+ Rxd7 23. Rd1 Rxd1 24. Kxd1 $14 {[%mdl 4096] Endgame KB-KB} b6 25. b4 Kd6 26. Kc2 Kc7 27. Bd5 Bf4 28. Kd3 Bc1 29. Kc2 Bf4 30. Kd3 Bc1 $1 31. b3 Bf4 32. Bxf7 Bg3 33. Ke2 Kd6 34. Bc4 a5 35. bxa5 bxa5 36. b4 axb4 37. cxb4 h5 38. Kd2 h4 39. Bb3 e4 {The position is equal.} 40. Be6 Bf2 41. Kc3 Ke5 42. Kd2 Kf4 43. Ke2 Bb6 44. Bd7 Kg3 45. Kf1 Kf4 46. Ke2 Kg3 47. Kf1 Kf4 48. Ke2 {Accuracy: White = 69%, Black = 87%.} 1/2-1/2

[Event "NOR-chT Eliteserien 2018-19"]
[Site "Norway"]
[Date "2019.03.10"]
[Round "9.12"]
[White "Vitenberg, Noam Aviv"]
[Black "Christenson, Flemming"]
[Result "1-0"]
[WhiteElo "2139"]
[BlackElo "2204"]
[Annotator "NA RC"]
[PlyCount "97"]
[EventDate "2018.11.02"]
[EventType "team-tourn"]
[EventCountry "NOR"]
[SourceTitle "playchess.com"]
[Source "ChessBase"]
[SourceQuality "1"]
[TimeControl "40/5400+30:1800+30"]

1. d4 {[%emt 0:00:00]} e6 {[%emt 0:00:00]} 2. c4 {[%emt 0:00:00]} f5 {[%emt 0:00:13]} 3. Nc3 {[%emt 0:00:09]} Nf6 {[%emt 0:00:08]} 4. Qc2 {[%emt 0:00:21]} Bb4 {[%emt 0:02:54]} 5. a3 {[%emt 0:00:15]} Bxc3+ {[%emt 0:00:04]} 6. Qxc3 {[%emt 0:00:09]} Ne4 {[%emt 0:00:53]} 7. Qc2 {[%emt 0:00:50]} b6 {[%emt 0:01:39]} 8. Nh3 {[%emt 0:03:57]} Bb7 {[%emt 0:03:07]} 9. f3 {[%emt 0:01:36]} Nf6 {[%emt 0:00:53]} 10. e3 {[%emt 0:00:52]} O-O {[%emt 0:00:37]} 11. Be2 {[%emt 0:02:58]} a5 {[%emt 0:02:22]} 12. b3 {[%emt 0:01:20]} d6 {[%emt 0:06:38]} 13. Bb2 {[%emt 0:01:40]} Nbd7 {[%emt 0:00:58]} 14. O-O {[%emt 0:01:59]} Qe7 {[%emt 0:02:40]} 15. b4 {[%emt 0:06:00]} Nh5 {[%emt 0:09:49]} 16. e4 {[%emt 0:21:08]} fxe4 {[%emt 0:06:26]} 17. fxe4 {[%emt 0:03:20]} Qh4 {[%emt 0:01:19]} 18. d5 {[%emt 0:07:53]} e5 {[%emt 0:02:02]} 19. Bc3 {[%emt 0:14:24]} Nf4 {[%emt 0:07:45]} 20. Nxf4 {[%emt 0:01:37]} Rxf4 {[%emt 0:01:31]} 21. Bf3 {[%emt 0:05:27]} Rff8 {[%emt 0:02:08]} 22. Qb2 {[%emt 0:01:51]} Ba6 {[%emt 0:03:50]} 23. Qc2 {[%emt 0:02:31]} Bb7 {[%emt 0:24:57]} 24. Be1 {[%emt 0:00:48]} Qg5 {[%emt 0:00:44]} 25. Bd2 {[%emt 0:00:28]} Qg6 {[%emt 0:00:41]} 26. bxa5 {[%emt 0:04:45]} bxa5 {[%emt 0:00:39]} 27. Rab1 {[%emt 0:03:27]} Bc8 {[%emt 0:04:51]} 28. Rb5 {[%emt 0:01:31]} a4 {[%emt 0:02:56]} 29. Ra5 {[%emt 0:00:48]} Rb8 {[%emt 0:04:48]} 30. Bb4 {[%emt 0:05:52]} Nb6 {[%emt 0:03:56]} 31. c5 {[%emt 0:00:46]} dxc5 {[%emt 0:02:18]} 32. Bxc5 {[%emt 0:01:02]} Rf7 {[%emt 0:00:30]} 33. Qe2 {[%emt 0:00:56]} Bd7 {[%emt 0:01:11]} 34. Ra7 {[%emt 0:01:04]} Be8 {[%emt 0:00:36]} 35. Rc1 {[%emt 0:01:30]} Nc8 {[%emt 0:00:25]} 36. Bh5 {[%emt 0:00:48]} Qg5 {[%emt 0:01:00]} 37. Bxf7+ {[%emt 0:00:18]} Bxf7 {[%emt 0:00:01]} 38. Be3 {[%emt 0:00:12]} Qg6 {[%emt 0:00:57]} 39. Raxc7 {[%emt 0:00:10]} Nd6 {[%emt 0:00:28]} 40. R7c6 {[%emt 0:00:23]} Be8 {[%emt 0:00:31]} 41. Rb6 {[%emt 0:05:45]} Rd8 {[%emt 0:01:25]} 42. Bc5 {[%emt 0:01:59]} Qxe4 {[%emt 0:03:32]} 43. Qxe4 {[%emt 0:00:53]} Nxe4 {[%emt 0:00:03]} 44. Re6 {[%emt 0:00:59]} Nf6 {[%emt 0:10:30]} 45. Be7 {[%emt 0:01:14]} Rb8 {[%emt 0:01:18]} 46. Bxf6 {[%emt 0:00:39]} gxf6 {[%emt 0:00:03]} 47. Rxf6 {[%emt 0:00:08]} Bf7 {[%emt 0:00:34]} 48. d6 {[%emt 0:00:12]} Rd8 {[%emt 0:01:08]} 49. Rc7 {[%emt 0:00:39]} 1-0

[Event "NOR-chT Eliteserien 2018-19"]
[Site "Norway"]
[Date "2019.03.10"]
[Round "9.13"]
[White "Predojevic, Borki"]
[Black "Galchenko, Matvey"]
[Result "1-0"]
[WhiteElo "2623"]
[BlackElo "2361"]
[Annotator "TA"]
[PlyCount "103"]
[EventDate "2018.11.02"]
[EventType "team-tourn"]
[EventCountry "NOR"]
[SourceTitle "playchess.com"]
[Source "ChessBase"]
[SourceQuality "1"]

{[%evp 9,103,26,67,67,73,56,59,49,42,33,37,40,37,37,46,39,48,46,48,56,44,56,73,80,58,59,65,46,60,52,50,49,58,66,67,58,58,59,55,63,53,58,56,50,101,101,101,97,96,91,81,77,72,64,77,49,49,33,49,50,144,143,143,140,158,158,159,139,155,130,130,135,134,134,247,240,266,235,331,329,416,415,408,380,332,287,671,645,644,665,608,608,3412,2596,2429,2186]} 1. Nf3 Nf6 2. g3 b5 3. Na3 b4 (3... a6 4. b3 e6 5. c4 bxc4 6. bxc4 c5 7. Bg2 Bb7 8. Rb1 Bc6 9. O-O Be7 10. d3 O-O 11. Nc2 {½-½ (91) Duda,J (2717)-Georgiev,K (2623) Riadh 2017}) 4. Nc4 e6 5. a3 Bb7 $146 ({Predecessor:} 5... d5 6. Nce5 bxa3 7. Ng5 Nfd7 8. Nexf7 Qf6 9. Bh3 Nb6 10. Nxh8 Qxg5 11. bxa3 {0-1 (42) Darcyl,T (2375)-Negri,S (2320) Buenos Aires 1991}) 6. axb4 {A05: Réti Opening: 1 Nf3 Nf6} Bxb4 7. c3 Be7 8. Bg2 {White is slightly better.} Nc6 9. O-O d5 10. Nce5 Nxe5 11. Nxe5 O-O 12. Qa4 Qe8 13. Qxe8 Rfxe8 14. Nc4 Bc6 15. d3 Bb5 16. Na5 Bd7 17. e4 dxe4 18. dxe4 {e5 is the strong threat.} e5 $1 19. Re1 Bc5 20. Be3 Bb6 21. f3 Rab8 22. b4 Bxe3+ 23. Rxe3 c5 $1 24. bxc5 Rec8 25. c6 Bxc6 26. Nc4 Re8 ({Black should try} 26... Nd7 $14) 27. Bf1 $16 Re7 28. Ree1 Ne8 29. Ra5 Rb5 30. Rea1 Rxa5 31. Nxa5 Bd7 32. Rb1 Kf8 33. Rb8 f6 34. Kf2 Be6 ({Black should play} 34... Ba4 $14) 35. Bb5 $1 Bd7 {[#]} 36. Nc6 $1 {[%cal Rc6e7]} Bxc6 37. Bxc6 {[%mdl 4096] Endgame KRB-KRN} Kf7 38. c4 Nc7 39. Bd5+ Kg6 40. c5 Na6 {[#]} 41. Rb5 $1 Rc7 (41... Nc7 $16 42. Rb2 a6) 42. c6 $18 f5 43. Ke3 fxe4 (43... Kf6 {is a better defense.} 44. exf5 Kxf5) 44. Kxe4 ({Not} 44. Bxe4+ Kf6 $18) 44... Kf6 45. h4 Re7 46. g4 h6 47. Bc4 Rc7 $2 (47... Nc7) 48. Kd5 {White is clearly winning.} Rc8 {aiming for ...Rd8+.} 49. Rb7 Rd8+ 50. Rd7 Nc7+ 51. Kd6 Ne8+ 52. Kc5 {Accuracy: White = 91%, Black = 60%.} 1-0

[Event "NOR-chT Eliteserien 2018-19"]
[Site "Norway"]
[Date "2019.03.10"]
[Round "9.14"]
[White "Mikalsen, Erlend"]
[Black "Romanov, Evgeny"]
[Result "1/2-1/2"]
[WhiteElo "2357"]
[BlackElo "2612"]
[Annotator "TA"]
[PlyCount "134"]
[EventDate "2018.11.02"]
[EventType "team-tourn"]
[EventCountry "NOR"]
[SourceTitle "playchess.com"]
[Source "ChessBase"]
[SourceQuality "1"]

{[%evp 10,134,47,43,44,35,25,20,63,13,22,17,0,-72,-31,-42,-50,-42,41,29,27,0,-8,-41,21,9,60,75,116,100,133,151,214,172,200,200,247,244,267,225,225,225,225,208,215,208,192,31,31,42,41,40,40,31,38,41,39,31,44,38,58,54,75,75,119,122,183,187,343,339,339,351,392,383,372,341,347,343,294,259,454,454,454,440,371,207,602,602,931,920,891,833,1152,614,29965,29967,29963,29966,29962,29965,29958,29959,6605,6576,5616,5077,2309,0,0,0,0,0,0,0,0,0,0,0,0,0,0,0,0,0,0,0,0]} 1. e4 c5 2. Nf3 a6 3. Nc3 b5 4. d4 cxd4 5. Nxd4 Bb7 6. Bd3 g6 {B28: Sicilian: 2 Nf3 a6 (O'Kelly Variation)} (6... Nc6 7. Nxc6 Bxc6 8. O-O e6 9. Re1 Nf6 10. e5 b4 11. exf6 bxc3 12. fxg7 Bxg7 13. b3 Qh4 14. g3 Qd4 15. Qh5 Qd5 16. Qxd5 Bxd5 {1-0 (44) Guseinov,G (2667)-Romanov,E (2614) Hoogeveen 2018}) 7. Be3 Bg7 8. Qd2 d6 9. O-O-O $146 ({Predecessor:} 9. a4 bxa4 10. Nxa4 Nd7 11. Nb3 Ngf6 12. f3 Qc7 13. Qa5 Qc8 14. Qb4 {1-0 (41) Hermansson,E (2545)-Olsson,L (2433) Sweden 2007}) 9... Nd7 10. Kb1 Ngf6 11. Bh6 (11. f3 $11) 11... Bxh6 $1 $17 12. Qxh6 Qb6 13. Be2 Nxe4 ({Better is} 13... e5 $15 14. Nb3 b4) 14. Nxe4 $14 Bxe4 15. Qg7 $36 {[%mdl 2048] Black is under pressure.} Rf8 $1 16. Rhe1 Nf6 (16... Bxg2 $15 17. Qxh7 O-O-O) 17. g4 $11 Rg8 ({Black should try} 17... Qc5 $11) 18. Qh6 $14 {[%mdl 1024] White has compensation.} g5 19. f3 $1 {[%cal Rf3e4]} Bg6 20. Bd3 Kd8 (20... Ra7 $16) 21. Bf5 $18 Ra7 22. Qxg5 Bxf5 23. Qxf5 {Strongly threatening g5.} Rc7 24. g5 Rc5 25. gxf6 Rxf5 26. fxe7+ (26. Nxf5 $6 Rg6 $16) 26... Ke8 27. Nxf5 Rg6 28. Rxd6 $2 (28. b4 $1 $18) 28... Qxd6 $14 29. Nxd6+ Rxd6 $18 {[%mdl 4096] Endgame KR-KR} 30. Kc1 Rh6 31. Re2 Rh3 32. Rf2 Kxe7 33. Kd2 Ke6 34. c3 Kf5 35. Ke3 Rh6 36. b3 Re6+ 37. Kd4 Kf4 (37... Rd6+ $16 38. Kc5 Rh6) 38. c4 bxc4 $2 (38... Re8 {was called for.} 39. c5 Rd8+ 40. Kc3 Ke3) 39. bxc4 ({And not} 39. Kxc4 Rc6+ 40. Kd5 Rb6 $11) 39... Rd6+ 40. Kc5 Rh6 41. Kd5 Ke3 42. Rc2 $1 Kd3 43. Rc1 $1 Rh5+ 44. Kc6 Rxh2 $2 (44... Rh6+ {was worth a try.} 45. Kb7 Kd2) 45. c5 Kd2 46. Rc4 Kd3 47. Rf4 (47. Re4 $142) 47... Ke3 $2 (47... Rxa2 48. Kb6 (48. Rxf7 Ke3 $18) 48... h5) 48. Rxf7 h5 {[#]} 49. a4 $1 h4 50. Kb7 Ra2 51. c6 {[%cal Bc5c6,Bc6c7][%mdl 32]} Rxa4 52. c7 Rb4+ 53. Kxa6 Rc4 54. Kb7 Rb4+ 55. Kc6 Rc4+ 56. Kd7 Rd4+ 57. Ke6 Rc4 {[#]} 58. f4 $1 {[%mdl 512]} Rxc7 $1 $11 {The position is equal.} (58... Rxf4 59. c8=Q) 59. Rxc7 Kxf4 {KR-KP} 60. Rc4+ Kg5 $1 61. Ke5 h3 62. Rc8 Kg4 $1 63. Ke4 {White threatens Rg8+ and mate.} h2 64. Rh8 Kg3 65. Ke3 {Intending Rg8+ and mate.} Kg2 66. Ke2 h1=Q 67. Rxh1 Kxh1 {Accuracy: White = 69%, Black = 45%.} 1/2-1/2

[Event "NOR-chT Eliteserien 2018-19"]
[Site "Norway"]
[Date "2019.03.10"]
[Round "9.15"]
[White "Christiansen, Johan-Sebastian"]
[Black "Flermoen, Peter"]
[Result "1-0"]
[WhiteElo "2539"]
[BlackElo "2314"]
[Annotator "TA"]
[PlyCount "107"]
[EventDate "2018.11.02"]
[EventType "team-tourn"]
[EventCountry "NOR"]
[SourceTitle "playchess.com"]
[Source "ChessBase"]
[SourceQuality "1"]

{[%evp 23,107,37,42,42,47,31,35,35,52,39,45,41,46,61,39,48,37,57,66,20,20,20,20,36,67,16,20,17,16,0,25,0,15,17,25,15,11,11,11,11,11,12,12,12,37,29,37,33,28,25,25,25,37,37,37,23,23,23,31,42,34,66,68,69,87,18,84,78,29977,29978,29978,29979,29979,29980,29980,29981,29981,29982,29982,29983,29983,29984,29984,29985,29987,29988]} 1. Nf3 Nf6 2. g3 g6 3. c4 Bg7 4. Nc3 c5 5. Bg2 Nc6 6. d4 cxd4 7. Nxd4 Nxd4 8. Qxd4 d6 9. O-O O-O 10. Qd3 Nd7 11. b3 Nc5 12. Qd2 Bd7 13. Bb2 {A39: Symmetrical English vs ...g6: 4 Bg2 Bg7 5 Nf3 Nf6 6 0-0 0-0 7 d4} Bc6 14. e4 a5 15. Rad1 {White is slightly better.} Qb6 $146 ({Predecessor:} 15... f5 16. exf5 Bxg2 17. Kxg2 Rxf5 18. Nd5 Bxb2 19. Qxb2 e6 20. Ne3 Rf7 21. Qd4 Ra6 22. Qxc5 {1-0 (22) Mednis,E (2455)-Nadenau,O (2240) Lugano 1986}) 16. Ba3 $1 Bxc3 17. Qxc3 Nxe4 18. Bxe4 Bxe4 19. Rfe1 Qc6 $1 20. Re3 ({Don't play} 20. Bb2 e5 $15) 20... Rae8 21. Rde1 Bf5 22. Rxe7 Rxe7 23. Rxe7 f6 24. Qe3 (24. f3 $14) 24... Rf7 $11 {White must now prevent ...Rxe7.} 25. Re8+ Rf8 26. Re7 Rf7 27. Re8+ (27. Bb2 {with more complications.} Rxe7 28. Qxe7 Qe4 29. Bxf6 Qb1+ 30. Kg2) 27... Rf8 28. Rxf8+ Kxf8 29. f3 Kf7 30. Kf2 g5 31. g4 Bb1 32. Qd2 a4 33. Kg2 axb3 34. axb3 b5 35. Qd1 Bg6 36. Qd4 {Hoping for Bb2.} bxc4 37. bxc4 f5 38. gxf5 Bxf5 39. Bb2 {aiming for Qg7+.} Qc5 40. Qg7+ Ke6 41. Bf6 {[%csl Gf6][%cal Rg7e7]} Bh3+ $1 {[%mdl 64] Decoy} 42. Kxh3 Qf5+ 43. Kg2 {[%csl Gf6][%cal Rg7e7]} Qxf6 $14 {[%mdl 4096] Endgame KQ-KQ} 44. Qg8+ (44. Qxh7 $16 Qb2+ 45. Kg3) 44... Qf7 (44... Kd7 $11 {keeps the balance.}) 45. Qxg5 $16 {Threatens to win with Qd5+.} Qg6 $2 {[%mdl 8192]} (45... Kd7 $16) 46. Qxg6+ {White mates.} hxg6 {K3P-KPP} 47. f4 d5 {[#]} 48. c5 $1 d4 49. h4 d3 50. Kf2 Kd5 {[#]} 51. f5 $1 {[%mdl 512]} gxf5 52. h5 f4 53. h6 f3 54. Kxf3 {Accuracy: White = 69%, Black = 58%.} 1-0